The Harper history of painting: the occidental tradition.

Bibliographic Details
Main Author: Robb, David M. (David Metheny), 1903-1990
Format: Book
Language:English
Published: New York : Harper, [1951]
Subjects:

MARC

Tag First Indicator Second Indicator Subfields
LEADER 00000cam a2200000 4500
001 in00000189021
005 20151009052740.0
008 721214s1951 nyuaf b 00000 eng
010 |a  51002069  
035 |a (OCoLC)00517655 
035 |9 AAW1893AM 
040 |c WSU  |d TXA  |d UtOrBLW 
049 |a TXAM  |c 1 [903066]  |c 2 [198131] 
050 0 |a ND50  |b .R6 
082 0 |a 750.9 
100 1 |a Robb, David M.  |q (David Metheny),  |d 1903-1990. 
245 1 4 |a The Harper history of painting: the occidental tradition. 
264 1 |a New York :  |b Harper,  |c [1951] 
300 |a xii, 1006 pages :  |b illustrations, color plates. ;  |c 27 cm. 
336 |a text  |b txt  |2 rdacontent 
337 |a unmediated  |b n  |2 rdamedia 
338 |a volume  |b nc  |2 rdacarrier 
504 |a Bibliography: pages 965-983. 
650 0 |a Painting  |x History. 
740 4 |a The occidental tradition. 
999 |a MARS 
999 f f |s 97a52958-1d38-3054-9eb5-3ee70321f8b0  |i c0fd4c31-8a6f-356f-87e2-b19cc64405c8  |t 0 
952 f f |p storage  |a Texas A&M University  |b J.J. Pickle Campus  |c High Density Repository  |d Remote Storage  |t 0  |e ND50 .R6  |h Library of Congress classification  |i unmediated -- volume  |m A14803469543 
952 f f |p normal  |a Texas A&M University  |b College Station  |c Sterling C. Evans Library  |d Evans: Library Stacks  |t 0  |e ND50 .R6  |h Library of Congress classification  |i unmediated -- volume  |m A14803469551 
998 f f |a ND50 .R6  |t 0  |l Remote Storage 
998 f f |a ND50 .R6  |t 0  |l Evans: Library Stacks